000 00853nam a2200229 i 4500
001 bg
100 1 _aGIEROŃ, Grażyna
245 1 0 _aPowiedz to po polsku :
_bskrypt do nauki języka polskiego dla cudzoziemców, [słuchaczy Studium Języka Polskiego] (ze słownikiem polsko-angielskim i polsko-rosyjskim) /
_cGrażyna Gieroń, Romana Sochacka ; [il. Adam Sochacki].
250 _a[Wyd.3].
260 _aKielce :
_bPŚ. Dział Wydawnictw,
_c1995.
300 _a[2], VI, 353 s. :
_bil. ;
_c30 cm.
490 1 _aSkrypty / Politechnika Świętokrzyska,
_x0239-6386 ;
_vnr 271
650 9 _aJęzyk polski
655 _aPodręczniki
700 1 _aSOCHACKA, Romana
830 0 _aSkrypty (Politechnika Świętokrzyska) ;
_vnr 271
040 _cBPK
041 0 _apol
080 _a808.4(07)
942 _cKS
008 s pl f |000 0 pol
999 _c10364
_d10364
856 _uhttp://koha.tu.koszalin.pl/cgi-bin/koha/opac-detail.pl?biblionumber=10364
_yKatalog online BPK